Central Library OPAC University of Rajshahi

Principles of automatic control / (Record no. 14718)

MARC details
000 -LEADER
fixed length control field 00763nam a2200253 a 4500
001 - CONTROL NUMBER
control field 14718
003 - CONTROL NUMBER IDENTIFIER
rucl marc code BD-RjUL
005 - DATE AND TIME OF LATEST TRANSACTION
control field 20211208235659.0
008 - FIXED-LENGTH DATA ELEMENTS--GENERAL INFORMATION
fixed length control field 170530s1967 enka 001 0 eng d
020 ## - INTERNATIONAL STANDARD BOOK NUMBER
International Standard Book Number 0340050918 :
-- 0340052236 :
035 ## - SYSTEM CONTROL NUMBER
System control number (BD-RjUL)14772
040 ## - CATALOGING SOURCE
Original cataloging agency DLC
Transcribing agency OCoLC
Modifying agency Uk
-- DLC
-- BD-RjUL
Language of cataloging eng
041 ## - LANGUAGE CODE
Language code of text/sound track or separate title eng
082 ## - DEWEY DECIMAL CLASSIFICATION NUMBER
Classification number 629.8
Author mark and year HEP 1967
Edition number 23
100 1# - MAIN ENTRY--PERSONAL NAME
Personal name Healey, Martin
9 (RLIN) 45865
245 10 - TITLE STATEMENT
Title Principles of automatic control /
Statement of responsibility, etc. Martin Healey
260 ## - PUBLICATION, DISTRIBUTION, ETC. (IMPRINT)
Place of publication, distribution, etc. London :
Name of publisher, distributor, etc. English Universities P.,
Date of publication, distribution, etc. 1967.
300 ## - PHYSICAL DESCRIPTION
Pagination xv, 333 p. :
Illustrations ill. ;
Size 23 cm.
490 0# - SERIES STATEMENT
Series statement Science and technology series ;
500 ## - GENERAL NOTE
General note Includes index.
650 #0 - SUBJECT ADDED ENTRY--TOPICAL TERM
Topical term or geographic name as entry element Automatic control.
9 (RLIN) 45866
830 ## - SERIES ADDED ENTRY--UNIFORM TITLE
Uniform title Science and technology series ;
942 ## - ADDED ENTRY ELEMENTS (KOHA)
Source of classification or shelving scheme Dewey Decimal Classification
Koha item type Books
Holdings
Lost status Source of classification or shelving scheme Damaged status Not for loan Collection code Permanent Location Current Location Shelving location Date acquired Source of acquisition Cost, normal purchase price Total Checkouts Full call number Date last seen Copy number Koha item type
  Dewey Decimal Classification     Non-fiction Central Library, University of Rajshahi Central Library, University of Rajshahi   01/09/1971 Zeitlinger 35.00   629.8 HEP 1967 08/02/2014 C-2 Books
  Dewey Decimal Classification   Not For Loan Non-fiction Central Library, University of Rajshahi Central Library, University of Rajshahi Reading Room 08/12/2021 Zeithenger 35.00   629.8 HEP 1967 30/05/2017 C-1 Books